000 00639nam a22001817a 4500
999 _c9366
_d9366
008 210408b ||||| |||| 00| 0 eng d
040 _aBMS College of Architecture
100 _aBiradar, T Pavanika
245 _aBeyond proxemics in Urban streets (An analytical view in Bangalore metropolitan area)
300 _aNA
500 _a1BM14AHD03
502 _8M,Arch (Habitat Design)
_NBMS College of Architecture, Visvesvaraya Technological University
_aDissertation
_d2016
650 _aUrban streets
700 _aMamatha P Raj
_eGuide
700 _aSadashiv Chakravarthy
_eGuide
700 _aRachana Suraj
_eGuide
942 _2ddc
_cPGTHE